| 000 | 00855cam a22002773a 4500 | ||
|---|---|---|---|
| 001 | 585 | ||
| 003 | PGUSA | ||
| 005 | 20140828082950.0 | ||
| 008 | 960701s1996||||xxu|||||s|||||000 | eng d | ||
| 040 |
_aPGUSA _beng |
||
| 042 | _adc | ||
| 050 | 4 | _aE300 | |
| 100 | 1 | _aCraft, Ellen | |
| 245 | 1 | 0 |
_aRunning a Thousand Miles for Freedom : _bOr, The Escape of William and Ellen Craft from Slavery _h[electronic resource] / _cEllen Craft |
| 260 |
_bProject Gutenberg, _c1996 |
||
| 506 | _aPublic domain in the USA. | ||
| 516 | _aElectronic text | ||
| 653 | _aFugitive slaves -- United States -- Biography | ||
| 653 | _aSlaves -- Georgia -- Biography | ||
| 653 | _aCraft, William | ||
| 653 | _aCraft, Ellen | ||
| 653 | _aSlaves' writings, American | ||
| 830 | 0 |
_aProject Gutenberg _v585 |
|
| 856 | 4 | 0 | _uhttp://www.gutenberg.org/ebooks/585 |
| 942 | _cEB | ||
| 999 |
_c229936 _d229936 |
||